ARRUPE JESUIT UNIVERSITY

CORONAVIRUS -STOP THE SPREAD - CLEAN,DISINFECT,COVER

Unity in action : (Record no. 125272)

MARC details
000 -LEADER
fixed length control field 01214cam a2200313 a 4500
001 - CONTROL NUMBER
control field 939209
003 - CONTROL NUMBER IDENTIFIER
control field ARRUPE
005 - DATE AND TIME OF LATEST TRANSACTION
control field 20160919121849.0
008 - FIXED-LENGTH DATA ELEMENTS--GENERAL INFORMATION
fixed length control field 830825s1982 enka 000 0 eng
010 ## - LIBRARY OF CONGRESS CONTROL NUMBER
LC control number 83137085
020 ## - INTERNATIONAL STANDARD BOOK NUMBER
International Standard Book Number 0903082039 (pbk.) :
Terms of availability £5.00
040 ## - CATALOGING SOURCE
Original cataloging agency DLC
Transcribing agency DLC
Modifying agency DLC
043 ## - GEOGRAPHIC AREA CODE
Geographic area code f-sa---
050 00 - LIBRARY OF CONGRESS CALL NUMBER
Classification number DT763
Item number .U58 1982
082 00 - DEWEY DECIMAL CLASSIFICATION NUMBER
Classification number 324.268/083
Edition number 20
300 ## - PHYSICAL DESCRIPTION
Other physical details ill. ;
Dimensions 21 x 30 cm.
110 ## - MAIN ENTRY--CORPORATE NAME
Corporate name or jurisdiction name as entry element ANC
9 (RLIN) 25909
245 00 - TITLE STATEMENT
Title Unity in action :
Remainder of title a photographic history of the African National Congress, South Africa, 1912-1982.
260 ## - PUBLICATION, DISTRIBUTION, ETC. (IMPRINT)
Place of publication, distribution, etc London :
Name of publisher, distributor, etc The Congress,
Date of publication, distribution, etc 1982.
300 ## - PHYSICAL DESCRIPTION
Extent 156 p.;
610 20 - SUBJECT ADDED ENTRY--CORPORATE NAME
Corporate name or jurisdiction name as entry element African National Congress
General subdivision Pictorial works.
9 (RLIN) 25910
650 #0 - SUBJECT ADDED ENTRY--TOPICAL TERM
Topical term or geographic name as entry element Blacks
Geographic subdivision South Africa
General subdivision Social conditions
-- Pictorial works.
9 (RLIN) 25911
650 #0 - SUBJECT ADDED ENTRY--TOPICAL TERM
Topical term or geographic name as entry element Blacks
Geographic subdivision South Africa
General subdivision Politics and government
-- Pictorial works.
9 (RLIN) 25912
651 #0 - SUBJECT ADDED ENTRY--GEOGRAPHIC NAME
Geographic name South Africa
General subdivision Race relations
-- Pictorial works.
9 (RLIN) 25913
651 #0 - SUBJECT ADDED ENTRY--GEOGRAPHIC NAME
Geographic name South Africa
General subdivision Social conditions
-- Pictorial works.
9 (RLIN) 25914
651 #0 - SUBJECT ADDED ENTRY--GEOGRAPHIC NAME
Geographic name South Africa
General subdivision Politics and government
Chronological subdivision 20th century
General subdivision Pictorial works.
9 (RLIN) 25915
710 2# - ADDED ENTRY--CORPORATE NAME
Corporate name or jurisdiction name as entry element African National Congress.
9 (RLIN) 25867
906 ## - LOCAL DATA ELEMENT F, LDF (RLIN)
a 7
b cbc
c orignew
d 2
e ncip
f 19
g y-gencatlg
942 ## - ADDED ENTRY ELEMENTS (KOHA)
Source of classification or shelving scheme Library of Congress Classification
Koha item type Monograph ( Printed materials)
Holdings
Withdrawn status Lost status Source of classification or shelving scheme Damaged status Not for loan Collection code Home library Current library Shelving location Date acquired Total Checkouts Full call number Barcode Date last seen Price effective from Koha item type
    Library of Congress Classification     Main Collection ARRUPE LIBRARY ARRUPE LIBRARY Main Collection 19/09/2016   DT763.U58 1982 46500010121 07/12/2017 19/09/2016 Monograph ( Printed materials)

 

Arrupe Library. PO Box MP320 Mt Pleasant, Harare, Zimbabwe
263 242 745411|librarian@aju.ac.zw